Loading...
| History - European History | 1 | 2 | 0 | 0 | 35 | 63 | 92.00 | 0 | 3 |
| History - American History | 0 | 3 | 0 | 0 | 30 | 82 | 100.00 | 0 | 3 |
| History - World History | 0 | 3 | 1 | 0 | 25 | 89 | 107.33 | 1 | 3 |
| Geography | 1 | 1 | 0 | 0 | 25 | 41 | 67.00 | 0 | 2 |
| Other Academic | 0 | 2 | 0 | 0 | 20 | 85 | 111.00 | 0 | 0 |
| Philosophy | 0 | 2 | 0 | 1 | 20 | 79 | 112.00 | 1 | 2 |
| Religion | 0 | 2 | 0 | 0 | 20 | 99 | 112.50 | 2 | 2 |
| Literature - Long Fiction | 0 | 2 | 0 | 0 | 20 | 83 | 99.50 | 0 | 1 |
| Literature - Poetry | 0 | 2 | 0 | 1 | 20 | 119 | 133.00 | 1 | 2 |
| Mythology | 1 | 0 | 0 | 0 | 15 | 63 | 63.00 | 0 | 1 |
| Fine Arts - Other Fine Arts | 0 | 2 | 1 | 0 | 15 | 118 | 125.50 | 0 | 2 |
| History - Other History | 1 | 0 | 0 | 0 | 15 | 52 | 52.00 | 1 | 1 |
| History - Ancient History | 1 | 0 | 0 | 0 | 15 | 49 | 49.00 | 1 | 1 |
| Science - Physics | 0 | 1 | 0 | 0 | 10 | 99 | 99.00 | 0 | 1 |
| Fine Arts - Painting and Sculpture | 0 | 2 | 2 | 0 | 10 | 90 | 91.00 | 1 | 2 |
| Fine Arts - Classical Music | 0 | 1 | 0 | 1 | 10 | 140 | 140.00 | 0 | 1 |
| Science - Other Science | 0 | 1 | 0 | 0 | 10 | 94 | 94.00 | 1 | 1 |
| Social Science | 0 | 1 | 2 | 0 | 0 | 93 | 93.00 | 1 | 1 |
| Science - Biology | 0 | 0 | 1 | 0 | -5 | 0.00 | 0 | 0 | |
| Literature - Misc Literature | 0 | 0 | 1 | 0 | -5 | 0.00 | 0 | 0 |